Transnational South Asians : (Record no. 14788)

MARC details
000 -LEADER
fixed length control field 01174nam a22003137a 4500
005 - DATE AND TIME OF LATEST TRANSACTION
control field 20080806012223.0
008 - FIXED-LENGTH DATA ELEMENTS--GENERAL INFORMATION
fixed length control field 080811t xxu||||| |||| 00| 0 eng d
010 ## - LCCN (DPL NO)
LC control number ENG-90696
020 ## - INTERNATIONAL STANDARD BOOK NUMBER
International Standard Book Number 9780195695892
020 ## - INTERNATIONAL STANDARD BOOK NUMBER
International Standard Book Number 0195695895
Terms of availability 695.00
035 ## - SYSTEM CONTROL NUMBER
System control number EN-74229
037 ## - SOURCE OF ACQUISITION
Source of stock number/acquisition DBAD / PUB
040 ## - CATALOGING SOURCE
Original cataloging agency DPL
082 ## - DEWEY DECIMAL CLASSIFICATION NUMBER
Classification number 304.80954
245 ## - TITLE STATEMENT
Title Transnational South Asians :
Remainder of title the making of a neo-diaspora /
Statement of responsibility, etc edited by Susan Koshy and R. Radhakrishnan.
260 ## - PUBLICATION, DISTRIBUTION, ETC. (IMPRINT)
Place of publication, distribution, etc New Delhi
Name of publisher, distributor, etc Oxford University Press
Date of publication, distribution, etc 2008.
300 ## - PHYSICAL DESCRIPTION
Extent vi, 378 p.
Dimensions 23 cm.(Hb)
500 ## - GENERAL NOTE
General note Includes bibliographical references and index.
650 ## - SUBJECT ADDED ENTRY--TOPICAL TERM
Topical term or geographic name as entry element South Asians
Geographic subdivision Foreign countries.
650 ## - SUBJECT ADDED ENTRY--TOPICAL TERM
Topical term or geographic name as entry element South Asians
General subdivision Ethnic identity.
650 ## - SUBJECT ADDED ENTRY--TOPICAL TERM
Topical term or geographic name as entry element South Asian diaspora.
650 ## - SUBJECT ADDED ENTRY--TOPICAL TERM
Topical term or geographic name as entry element Transnationalism.
651 ## - SUBJECT ADDED ENTRY--GEOGRAPHIC NAME
Geographic name South Asia
General subdivision Emigration and immigration.
700 ## - ADDED ENTRY--PERSONAL NAME
Personal name Koshy, Susan.
700 ## - ADDED ENTRY--PERSONAL NAME
Personal name Radhakrishnan, R.
942 ## - ADDED ENTRY ELEMENTS (KOHA)
Source of classification or shelving scheme Dewey Decimal Classification
Item type English Books
Classification part 304.80954
Call number suffix TRA
Holdings
Withdrawn status Lost status Source of classification or shelving scheme Damaged status Not for loan Collection code Home library Current library Date acquired Source of acquisition Cost, normal purchase price Total Checkouts Full call number Barcode Date last seen Cost, replacement price Koha item type
    Dewey Decimal Classification   Not For Loan Non-fiction D.B.Act.Division D.B.Act.Division 11/08/2008 DBAD / PUB 695.00   304.80954 TRA EN-74229 15/09/2008 695.00 English Books

© Delhi Public Library
Hit Counter
free hit counter